Statistics for Easy Gossip Girl Quiz

Click here to take the quiz!

General Stats

  • This quiz has been taken 146 times
  • The average score is 13 of 17

Answer Stats

HintAnswer% Correct
Whose best friend isBlair
90%
Who gets married toChuck
89%
She gets called this byBlair
87%
Who blackmailsSerena
87%
Whose nickname isLittle J
86%
Who has a son calledDan
85%
Who also dates dan’s sisterJenny
85%
That marriesLily
85%
Whose best friend isVanessa
85%
Whose maid isDorota
84%
Who also marriesRufus
84%
Whose dad isBart
83%
Who briefly datesNate
83%
Editor of dan’s chaptersGeorgina
70%
Whose married toVanya
59%
Who marriesCyrus
17%
Who works in whose apartment complexEleanor
17%

Score Distribution

Percentile by Number Answered

Percent of People with Each Score

Your Score History

You have not taken this quiz